00409nam a2200157Ia 45000010006000000050017000060080041000230410008000640820015000721000029000872450082001162600009001983000028002076500008002356540008002432437420260414151038.0260414t2018||||xx |||||||||||||| ||spa|| aESP a345.7bC27 aCappelletti, Mauro,eAUT 0aEl proceso civil en el derecho comparado :bas grandes tendencias evolutivas c2018 a109 páginas :c23 cm. aDER aCDE